Viagra, chats y otras pendejadas del siglo XXI (Record no. 107314)

MARC details
000 -LEADER
campo de control de longitud fija 03307nac a2200313 a 4500
003 - IDENTIFICADOR DE NÚMERO DE CONTROL
campo de control CO-PeBPM
005 - FECHA Y HORA DE LA ÚLTIMA TRANSACCIÓN
campo de control 20260409193500.0
007 - CAMPO FIJO DE DESCRIPCIÓN FÍSICA--INFORMACIÓN GENERAL
campo de control de longitud fija ta
008 - DATOS DE LONGITUD FIJA--INFORMACIÓN GENERAL
campo de control de longitud fija 260409s2006 ck |||| |||| 00| 0 spa d
020 ## - NÚMERO INTERNACIONAL ESTÁNDAR DEL LIBRO
Número Internacional Estándar del Libro 9789587044874
040 ## - FUENTE DE CATALOGACIÓN
Centro catalogador/agencia de origen CO-PeBPM
Lengua de catalogación spa
Centro/agencia transcriptor CO-PeBPM
Normas de descripción rda
041 ## - CÓDIGO DE IDIOMA
Código de lengua del texto/banda sonora o título independiente spa
082 04 - NÚMERO DE LA CLASIFICACIÓN DECIMAL DEWEY
Número de clasificación Co867 S192v
Número de edición 22
100 1# - ENTRADA PRINCIPAL--NOMBRE DE PERSONA
Nombre de persona Samper Pizano, Daniel
Término indicativo de función/relación autor
245 10 - MENCIÓN DEL TÍTULO
Título Viagra, chats y otras pendejadas del siglo XXI
Resto del título : (62 recetas para hacer reír)
Mención de responsabilidad, etc. / Daniel Samper Pizano
250 ## - MENCION DE EDICION
Mención de edición Primera edición
264 ## - PRODUCCIÓN, PUBLICACIÓN, DISTRIBUCIÓN, FABRICACIÓN Y COPYRIGHT
Producción, publicación, distribución, fabricación y copyright Bogotá, Colombia :
Nombre del de productor, editor, distribuidor, fabricante Editora Aguilar, Altea, Taurus, Alfaguara, S.A.,
Fecha de producción, publicación, distribución, fabricación o copyright , 2006
300 ## - DESCRIPCIÓN FÍSICA
Extensión 235 páginas
Dimensiones 24 cm.
336 ## - TIPO DE CONTENIDO
Fuente rdacontent
Término de tipo de contenido texto
Código de tipo de contenido txt
337 ## - TIPO DE MEDIO
Fuente rdamedia
Nombre/término del tipo de medio sin mediación
Código del tipo de medio n
338 ## - TIPO DE SOPORTE
Fuente rdacarrier
Nombre/término del tipo de soporte volumen
Código del tipo de soporte nc
505 ## - NOTA DE CONTENIDO CON FORMATO
Nota de contenido con formato - Viagra, chats y otras pendejadas del siglo XXl.-- ¡Duro con ellas, Sofía!.-- Se ruega no traducir.-- Retorno a las aulas.-- ¡Cuánto han cambiado las bodas!.-- Auténtica telefonía digital.-- Consejitos de belleza masculina.-- ¡Arre, mula!.-- Mi mujer quiere pegarme.-- Recuerdo con un solo ojo.-- Gusano con cebolla y tomate.-- Lo que tufo se llevó.-- Burro con estribos.-- Swingers.-- Yo y Catón.-- Manual para profesores cuchillas,-- ¿Sentados o acurrucados?.-- El hogar de Freddy y Lalo.-- Interjecciones.-- ¡Patricia es una santa!.-- Todo sobre la Navidad.-- La tenebrosa secta de los bebés.-- Carmen de Blanco.-- Deconstrucción del anglicismo.-- Te reconocí la voz.-- La bacinilla de Lucho.-- Mérmele, mérmele.-- Crucigrameros y crucigramistas.-- El tamaño no importa.-- Mirando y hablando.-- Ropa de marca.-- Véndese lengua.-- George and me.-- Con el rabillo del ojo.-- Mi testamento (4).-- La lejana tercera edad.-- Vaya regalitos.-- San Giacomo de internet, enter pro nobis.-- Un <<test>> ovalado.-- Prblimas de la mla letra.-- De las manchas, protégenos.-- Lo que dijo Uribe al papa.-- ¿Qué hace esa rata aquí?.-- Grandes disculpas chimbas.-- Un nuevo amanecer y cómo traducirlo.-- Pan para pan pan pan.-- Defensa de las pecas.-- Tiratizas.-- Lo que pasó entre Amor y Amistad.-- ¡Quite la mano de ahí!.-- Reiterados silábicos.-- Lágrimas de macho.-- Avisos eróticos.-- Matrimonio y felicidad.-- Vote por Younder Wiarenon.-- Norma y vida plena.-- 25 cosas que las mujeres adoran de los hombres.-- Una buena palmada.-- Chatarricemos y desratricemos.-- Lo que yo sé sobre los flavonides.-- No me toques a las zorras.-- Que hay en un nombre (el mío)
520 ## - RESUMEN, ETC.
Sumario, etc. Veinticinco años después de haber publicado su primer libro de humor, Daniel Samper Pizano sigue siendo el columnista de prensa con mayor número de lectores y el crítico más lúcido de la realidad colombiana. Sus armas son un ojo de lince que le permite descubrir cosas que los demás no ven y un finísimo sentido del humor para contarlas. Durante el cuarto final del siglo XX, Samper dejó su testimonio risueño sobre las costumbres y sucesos de una agitada época. Ahora, con igual agudeza, abre las puertas del siglo XXI, sus maravillas y sus pendejadas. (tomado de la fuente)
650 17 - PUNTO DE ACCESO ADICIONAL DE MATERIA--TÉRMINO DE MATERIA
Término de materia o nombre geográfico como elemento de entrada Humorismo colombiano
Fuente del encabezamiento o término LEMB
650 17 - PUNTO DE ACCESO ADICIONAL DE MATERIA--TÉRMINO DE MATERIA
Término de materia o nombre geográfico como elemento de entrada Sociedad contemporánea - Humor
Fuente del encabezamiento o término LEMB
650 17 - PUNTO DE ACCESO ADICIONAL DE MATERIA--TÉRMINO DE MATERIA
Término de materia o nombre geográfico como elemento de entrada Internet - Humor
Fuente del encabezamiento o término LEMB
942 ## - ELEMENTOS DE ENTRADA SECUNDARIOS (KOHA)
Fuente del sistema de clasificación o colocación Clasificación Decimal Dewey
Suprimir en OPAC No
Tipo de ítem Koha Libros
Holdings
Estatus retirado Estado de pérdida Fuente del sistema de clasificación o colocación Estado de daño No para préstamo Colección Biblioteca de origen Biblioteca actual Ubicación en estantería Fecha de adquisición Fuente de adquisición Total de préstamos Signatura topográfica completa Código de barras Visto por última vez Copia número Precio de reemplazo Tipo de ítem Koha
    Clasificación Decimal Dewey     General BIBLIOTECA PÚBLICA MUNICIPAL RAMON CORREA MEJIA BIBLIOTECA PÚBLICA MUNICIPAL RAMON CORREA MEJIA Colección general 26/03/2026 Donación   Co867 S192v 63662 09/04/2026 Ej. 1 09/04/2026 Libros

Powered by Koha